000 00556nam a2200205Ia 4500
003 OSt
005 20220925215343.0
006 a|||||r|||| 00| 0
007 ta
008 220923b |||||||| |||| 00| 0 eng d
037 _cGeneral Book
040 _aRTL
_cRTL
_beng
041 _2eng
_aeng
082 _aXn7914
100 _aWRIGHT J.H
_9282635
245 0 _aEconomic and Commercial Conditions in Chile
260 _aLondon
_bHer Majesty's Stationary Office
942 _hXn7914
_cGB
_2CC
999 _c568579
_d568579